000 00844nam a2200253Ia 4500
003 OSt
005 20220923211205.0
006 a|||||r|||| 00| 0
007 ta
008 Pun
020 _a8193053990 (hbk)
_c150
024 _a290,063
037 _b1017, 09/03/2016, H.K. Prakashan
_cTextual
040 _aARTS
_cARTS
_bPun
041 _2Pun
_aPun
082 _aO153,2:g, Q5
100 _aਅਕਵਿੰਦਰ ਕੌਰ
_9159356
245 0 _aਪੰਜਾਬੀ ਨਾਟਕ
_b ਸਰਵੇਖਣ ਤੇ ਮੁਲਾਂਕਣ
260 _aਸਮਾਣਾ
_b ਨਵਰੰਗ ਪਬਲੀਕੇFਨਗ਼
_c2015
300 _a125ਪੰ
_ccm.
650 _aਪੰਜਾਬੀ ਸਾਹਿਤ
942 _hO153,2:g, Q5
_cTEXL
_2CC
999 _c296584
_d296584